| 000 | 00596nam a2200241 a 4500 | ||
|---|---|---|---|
| 001 | nice12345678 | ||
| 003 | IN_TiNIC | ||
| 005 | 20260116011259.0 | ||
| 008 | 050524s1969 dela grp 000 0 eng | ||
| 020 |
_a _c3 |
||
| 082 | 0 | 0 |
_a245 _bFAK |
| 100 | _aFakirbhai, Dhanjibhai | ||
| 245 |
_aShri Khrist Gita _b Song of the Lord Christ |
||
| 260 |
_aDelhi _bISPCK _c1969 |
||
| 300 | _a94p | ||
| 500 | _aincludes index and biblioraphy | ||
| 505 | 2 | _abibliography, index | |
| 650 | _aChristian-Poetry | ||
| 700 | 1 | _aFakirbhai, Dhanjibhai | |
| 902 | _bSRS | ||
| 942 | _cBK | ||
| 999 |
_c130 _d130 |
||